|
|
|
|
| LEADER |
00000ny a22000003n 4500 |
| 005 |
20110513142525.0 |
| 008 |
990303c19999999pauqr pss 0 a0eng d |
| 022 |
|
|
|a 1523-9756
|
| 035 |
|
|
|a 5124
|
| 040 |
|
|
|a UCA
|d vLex
|
| 090 |
|
|
|c 1900
|d 1900
|
| 245 |
3 |
0 |
|a Global virtue ethics review
|h [Recurso electrn̤ico]
|
| 256 |
|
|
|a Servicio en ln̕ea
|
| 260 |
|
|
|a Harrisburg, PA :
|b Southern Public Administration Education Foundation
|
| 310 |
|
|
|a Trimestral
|
| 506 |
1 |
|
|a Contenido solo disponible en los productos indicados
|d vLex Global
|d vLex Global (Academic Edition, excluding Law Schools)
|d vLex Global (U.S. Academic Edition, excluding Law Schools)
|
| 710 |
2 |
|
|a Southern Public Administration Education Foundation (U.S.)
|
| 740 |
0 |
|
|a vLex Revista (Servicios en ln̕ea)
|
| 843 |
|
|
|a Electrn̤ica. Abierta
|
| 853 |
|
|
|8 1
|i (year)
|j (month)
|k (day)
|
| 856 |
4 |
0 |
|z Acceso restringido
|u http://vlex.com/account/login_ip?fuente_id=5124
|
| 942 |
|
|
|c REV
|
| 999 |
0 |
|
|a Public administration
|